Statistiques concernant Sondage - Harry Potter

Cliquez ici pour prendre le quiz!

Statistiques générales

  • Ce quiz a été pris 88 fois
  • Le résultat moyen est 3 sur 7

Statistiques - réponses

RéponsesVotre réponse% Correct
B- VuB- Vu
64%
C- Les deuxC- Les deux
63%
E- Les livresE- Les livres
54%
A- LuA- Lu
49%
F- Les filmsF- Les films
40%
G- Aucun avis sur la questionG- Aucun avis sur la question
38%
D- Ni lu, ni vuD- Ni lu, ni vu
25%

Distribution des résultats

Percentile par nombre de réponses

% des personnes avec chaque résultat

Votre développement - résultats

Vous n’avez pas pris ce quiz